000 00412cam a2200169ua 4500
020 _a0-08-025506-X
041 _aeng
_h
082 _a631.42
_bGAR/SO
100 _aGarrett, S.D .
245 _aSoil fungi and soil fertility /
_cS.D Garret.
_hTextual Documents
250 _a2 /
_b.
260 _aOxford :
_bPergamon Press ,
_c1981.
300 _a150 ; .
504 _a
942 _cBK
999 _c7719
_d7719